Vtoričnoje syr'je-effektivnyj rezerv material'nych resursov
Salvato in:
| Autore principale: | |
|---|---|
| Natura: | Libro |
| Lingua: | russo |
| Pubblicazione: |
Alma-Ata
Kazachstan
1982
|
| Tags: |
Nessun Tag, puoi essere il primo ad aggiungerne!!
|
MARC
| LEADER | 00000nam a2200000 4500 | ||
|---|---|---|---|
| 001 | c115285 | ||
| 005 | 20041019155200.9 | ||
| 041 | 0 | |a rus | |
| 044 | |a KZ | ||
| 245 | 1 | 0 | |a Vtoričnoje syr'je-effektivnyj rezerv material'nych resursov |c Klara Šubajevna Bajkuatova |
| 264 | 1 | |a Alma-Ata |b Kazachstan |c 1982 | |
| 300 | |a 151 s. | ||
| 100 | 1 | |a Bajkuatova, Klara Šubajevna | |